The New Filipino-Filipino with English dictionary with built-in thesaurus (Record no. 11834)
[ view plain ]
| 000 -LEADER | |
|---|---|
| fixed length control field | 00553nam a22001577a 4500 |
| 008 - FIXED-LENGTH DATA ELEMENTS--GENERAL INFORMATION | |
| fixed length control field | 190108b ||||| |||| 00| 0 eng d |
| 020 ## - INTERNATIONAL STANDARD BOOK NUMBER | |
| International Standard Book Number | 978-971-0328-26-04 |
| 082 ## - DEWEY DECIMAL CLASSIFICATION NUMBER | |
| Edition number | 2017 |
| Classification number | DRef 423.99211 |
| Item number | N42 |
| 245 ## - TITLE STATEMENT | |
| Title | The New Filipino-Filipino with English dictionary with built-in thesaurus |
| 250 ## - EDITION STATEMENT | |
| Edition statement | Latest Edition |
| 260 ## - PUBLICATION, DISTRIBUTION, ETC. (IMPRINT) | |
| Place of publication, distribution, etc. | Pampanga: |
| Name of publisher, distributor, etc. | Children Press & Binding Corporation, |
| Date of publication, distribution, etc. | ©2017 |
| 300 ## - PHYSICAL DESCRIPTION | |
| Extent | xi, [946] pages: |
| Other physical details | color illustrations; |
| Dimensions | 28 cm. |
| 650 ## - SUBJECT ADDED ENTRY--TOPICAL TERM | |
| Topical term or geographic name as entry element | Filipino language |
| 9 (RLIN) | 33689 |
| General subdivision | Dictionaries |
| 365 ## - TRADE PRICE | |
| Price amount | 8,990.00 |
| Currency code | Php |
| 942 ## - ADDED ENTRY ELEMENTS (KOHA) | |
| Source of classification or shelving scheme | Dewey Decimal Classification |
| Koha item type | Reference |
| Withdrawn status | Lost status | Source of classification or shelving scheme | Damaged status | Not for loan | Collection code | Home library | Current library | Shelving location | Date acquired | Source of acquisition | Cost, normal purchase price | Total Checkouts | Full call number | Barcode | Date last seen | Copy number | Price effective from | Koha item type |
|---|---|---|---|---|---|---|---|---|---|---|---|---|---|---|---|---|---|---|
| Dewey Decimal Classification | Reference | UM Digos College - LIC | UM Digos College - LIC | Book Cart | 08/16/2018 | Purchased | 8990.00 | DRef 423.99211 N42 2017 | 25201 | 05/15/2025 | 1 | 01/08/2019 | Reference | |||||
| Dewey Decimal Classification | Reference | UM Digos College - LIC | UM Digos College - LIC | 02/16/2021 | Purchased | DRef 423.99211 N42 2017 | 26112 | 06/08/2021 | 2 | 04/19/2021 | Reference |
